[Event "POL-chT4 Kujawsko Pomorskie 1112"]
[Site "Poland"]
[Date "2011.12.11"]
[Round "3.31"]
[White "Janik, Tomasz"]
[Black "Theuss, Tomasz"]
[Result "1-0"]
[WhiteElo "2033"]
[BlackElo "1743"]
[PlyCount "111"]
[EventDate "2011.11.06"]
[EventType "team-swiss"]
[EventRounds "10"]
[EventCountry "POL"]
[SourceTitle "EXT 2019"]
[Source "ChessBase"]
[SourceDate "2018.10.10"]
[SourceVersion "1"]
[SourceVersionDate "2018.10.10"]
[SourceQuality "1"]

1. d4 Nf6 2. c4 e5 3. dxe5 Ng4 4. Nf3 Bc5 5. e3 Nc6 6. b3 Bb4+ 7. Nbd2 0-0 8. Be2 Qe7 9. 0-0 Ngxe5 10. Bb2 d6 11. Nxe5 dxe5 12. a3 Bxd2 13. Qxd2 Bf5 14. Qc3 f6 15. b4 e4 16. f4 exf3 17. Bxf3 Be4 18. Bxe4 Qxe4 19. Rf4 Qe6 20. Raf1 Ne5 21. Re4 Qd7 22. Rd4 Qe6 23. Qc2 Rad8 24. Re4 Qd6 25. Bd4 b6 26. c5 Qd5 27. Rf5 Rde8 28. Rh4 Qc4 29. Qb1 Qd3 30. Qa2+ Qc4 31. Qa1 Ng6 32. Rg4 Re6 33. h3 Qd3 34. Rf1 Qb3 35. h4 Ne5 36. Rg3 Rfe8 37. h5 h6 38. cxb6 cxb6 39. Qc1 Rc6 40. Qe1 Kh8 41. Qf2 Qc2 42. Qf4 Qd3 43. a4 Rc2 44. a5 bxa5 45. bxa5 a6 46. Kh2 Qe2 47. Qf5 Qd3 48. Qf4 Re6 49. Kg1 Qd2 50. Qe4 Rc1 51. Rxc1 Qxc1+ 52. Kh2 Qd1 53. Qf5 Re8 54. e4 Qe2 55. Be3 Rb8 56. Bxh6 1-0

[Event "RA-2011-0-00128"]
[Site "LSS email"]
[Date "2011.04.06"]
[Round "?"]
[White "De Waele, Willy"]
[Black "Janik, Tomasz"]
[Result "1-0"]
[WhiteElo "1988"]
[BlackElo "2028"]
[PlyCount "75"]
[EventDate "2011.03.03"]
[EventType "tourn (corr)"]
[EventRounds "6"]
[EventCountry "GER"]
[SourceTitle "Telechess CBM 147"]
[Source "ChessBase"]
[SourceDate "2012.03.16"]
[SourceVersion "1"]
[SourceVersionDate "2012.03.16"]
[SourceQuality "1"]

1. e4 c5 2. Nf3 e6 3. d4 cxd4 4. Nxd4 Bc5 5. Nb3 Bb6 6. Nc3 Ne7 7. Bf4 0-0 8. Bd6 Nbc6 9. Qd2 Bc7 10. f4 Bxd6 11. Qxd6 f5 12. e5 Ng6 13. Qd2 a6 14. g3 b5 15. Bg2 Ra7 16. Qf2 d5 17. exd6 Qxd6 18. Rd1 Qc7 19. 0-0 Nce7 20. h4 b4 21. Ne2 Nd5 22. Bxd5 exd5 23. Rxd5 Qf7 24. Rc5 Re8 25. Ned4 Rb7 26. Qd2 h6 27. Na5 Rb8 28. Re1 Rxe1+ 29. Qxe1 Bd7 30. Nac6 Re8 31. Qxb4 Qxa2 32. Qc4+ Qxc4 33. Rxc4 Ne7 34. Ne5 Bc8 35. Rc7 Nd5 36. Ra7 Ne3 37. c4 Be6 38. Nxe6 1-0

[Event "RA-2011-0-00128"]
[Site "LSS email"]
[Date "2011.04.06"]
[Round "?"]
[White "Janik, Tomasz"]
[Black "Signes Almodovar, Salvador"]
[Result "0-1"]
[WhiteElo "2028"]
[BlackElo "2071"]
[PlyCount "50"]
[EventDate "2011.03.03"]
[EventType "tourn (corr)"]
[EventRounds "6"]
[EventCountry "GER"]
[SourceTitle "Telechess CBM 147"]
[Source "ChessBase"]
[SourceDate "2012.03.16"]
[SourceVersion "1"]
[SourceVersionDate "2012.03.16"]
[SourceQuality "1"]

1. d4 Nf6 2. Nc3 g6 3. e4 d6 4. Bc4 Nxe4 5. Nxe4 d5 6. Bd3 dxe4 7. Bxe4 Bg7 8. Nf3 0-0 9. c3 c5 10. 0-0 Nd7 11. Bg5 cxd4 12. cxd4 Nf6 13. Qe2 Nxe4 14. Qxe4 Re8 15. Rad1 Qa5 16. a3 Qf5 17. Qe3 b6 18. Rfe1 Bb7 19. Nh4 Qb5 20. b4 a5 21. bxa5 Rxa5 22. Bh6 Bxh6 23. Qxh6 Rxa3 24. Re3 Rxe3 25. Qxe3 Qa4 0-1

[Event "POL-chT Region 0607"]
[Site "Poland"]
[Date "2007.02.04"]
[Round "7"]
[White "Janik, Tomasz"]
[Black "Sobczyk, Grzegorz"]
[Result "1-0"]
[WhiteElo "2050"]
[BlackElo "1800"]
[PlyCount "93"]
[EventDate "2006.11.12"]
[EventType "team"]
[EventRounds "11"]
[EventCountry "POL"]
[SourceTitle "EXT 2008"]
[Source "ChessBase"]
[SourceDate "2007.11.25"]
[SourceVersion "1"]
[SourceVersionDate "2007.11.25"]
[SourceQuality "1"]

1. d4 g6 2. Nf3 Bg7 3. e3 d6 4. Bd3 Nf6 5. Nbd2 0-0 6. 0-0 b6 7. Re1 Ba6 8. c4 c5 9. a3 Nbd7 10. b4 cxd4 11. exd4 d5 12. Qa4 Bb7 13. c5 a6 14. Bb2 b5 15. Qb3 Bc6 16. Qc2 Ne8 17. Nb3 Ra7 18. Na5 Ba8 19. Re2 Nc7 20. Rae1 Ne6 21. h4 Re8 22. g3 Rc7 23. h5 Nf6 24. hxg6 Ne4 25. gxf7+ Kxf7 26. c6 N6g5 27. Nxg5+ Nxg5 28. Kg2 Qc8 29. Rh1 h6 30. Bg6+ Kg8 31. Bxe8 Qxe8 32. Rh4 Bxc6 33. Nxc6 Rxc6 34. Qf5 e6 35. Qd3 Rc7 36. Rc2 Rf7 37. Bc1 Rf3 38. Qd1 Rf5 39. Bxg5 hxg5 40. Rh1 e5 41. Qg4 Qe6 42. Qh5 Qd7 43. dxe5 Rxe5 44. Rhc1 Bf6 45. Qg6+ Bg7 46. Rc8+ Re8 47. Rxe8+ 1-0

[Event "POL-chT Region 0607"]
[Site "Poland"]
[Date "2006.11.12"]
[Round "1"]
[White "Bieganowski, Roman"]
[Black "Janik, Tomasz"]
[Result "0-1"]
[WhiteElo "1972"]
[BlackElo "2050"]
[PlyCount "164"]
[EventDate "2006.11.12"]
[EventType "team"]
[EventRounds "11"]
[EventCountry "POL"]
[SourceTitle "EXT 2008"]
[Source "ChessBase"]
[SourceDate "2007.11.25"]
[SourceVersion "1"]
[SourceVersionDate "2007.11.25"]
[SourceQuality "1"]

1. e4 c5 2. Nf3 e6 3. d4 cxd4 4. Nxd4 Bc5 5. Nb3 Bb6 6. N1d2 Ne7 7. Nc4 0-0 8. Nxb6 Qxb6 9. Be3 Qb4+ 10. Qd2 Qxe4 11. 0-0-0 f5 12. Bc5 Rf7 13. Re1 Qc6 14. h4 b6 15. Ba3 a5 16. Rh3 Ba6 17. Rc3 Qb7 18. Bxa6 Nxa6 19. Rd3 Nd5 20. Kb1 Nab4 21. Rf3 Rc8 22. c3 Nc6 23. Nd4 Nxd4 24. Qxd4 b5 25. b3 b4 26. c4 Nc3+ 27. Ka1 a4 28. Bxb4 Nxa2 29. Ba3 axb3 30. Qb2 h6 31. c5 Qd5 32. Rxb3 Qxg2 33. Rg3 Qd5 34. Reg1 e5 35. Qxa2 Qxa2+ 36. Kxa2 Kh7 37. Rg6 f4 38. Kb3 Re8 39. Kc4 e4 40. Bb2 Ree7 41. h5 e3 42. fxe3 fxe3 43. Kd3 e2 44. Bc3 Rf3+ 45. Kc4 Rxc3+ 46. Kxc3 e1Q+ 47. Rxe1 Rxe1 48. Rd6 Re5 49. Kd4 Rxh5 50. Rxd7 Rh1 51. c6 Rc1 52. c7 h5 53. Rd5 Rxc7 54. Rxh5+ Kg6 55. Rh8 Re7 56. Rh1 Kf6 57. Rf1+ Kg6 58. Rg1+ Kh7 59. Rh1+ Kg8 60. Rg1 Re6 61. Kd5 Rf6 62. Ke5 Kf7 63. Ra1 g5 64. Ra8 g4 65. Ra7+ Kg6 66. Ra4 Rf5+ 67. Ke4 Kg5 68. Ra3 Rf8 69. Ra7 Kh4 70. Rh7+ Kg3 71. Ke3 Kg2 72. Rh6 g3 73. Ke2 Kg1 74. Rg6 g2 75. Rg7 Rf2+ 76. Ke1 Rf6 77. Ke2 Re6+ 78. Kd2 Re5 79. Rg8 Kh2 80. Rh8+ Kg3 81. Rg8+ Kf3 82. Rf8+ Kg4 0-1